Governors of Minnesota - Statistics

General Stats
  • This quiz has been taken 21 times
  • The average score is 14 of 41
Answer Stats
Term Governor Party % Correct
1999-2003 Jesse Ventura Reform / Independence Party of Minnesota
94%
2019- Tim Walz Democratic-Farmer-Labor
94%
2011-2019 Mark Dayton Democratic-Farmer-Labor
88%
2003-2011 Tim Pawlenty Republican
81%
1991-1999 Arne Carlson Independent-Republican / Republican
75%
1860-1863 Alexander Ramsey Republican
69%
1951-1955 C. Elmer Anderson Republican
63%
1971-1976 Wendell R. Anderson Democratic-Farmer-Labor
63%
1858-1860 Henry Hastings Sibley Democratic
56%
1976-1979 Rudy Perpich Democratic-Farmer-Labor
56%
1983-1991 Rudy Perpich Democratic-Farmer-Labor
56%
1939-1943 Harold E. Stassen Republican
38%
1905-1909 John A. Johnson Democratic
38%
1979-1983 Al Quie Independent-Republican
31%
1937-1939 Elmer A. Benson Farmer-Labor
31%
1931-1936 Floyd B. Olson Farmer-Labor
31%
1967-1971 Harold LeVander Republican
31%
1963-1967 Karl F. Rolvaag Democratic-Farmer-Labor
31%
1863-1864 Henry A. Swift Republican
25%
1936-1937 Hjalmar Petersen Farmer-Labor
25%
1876-1882 John S. Pillsbury Republican
25%
1893-1895 Knute Nelson Republican
25%
1955-1961 Orville L. Freeman Democratic-Farmer-Labor
25%
1874-1876 Cushman K. Davis Republican
19%
1943-1947 Edward J. Thye Republican
19%
1961-1963 Elmer L. Andersen Republican
19%
1870-1874 Horace Austin Republican
19%
1915-1921 J.A.A. Burnquist Republican
19%
1899-1901 John Lind Democratic
19%
1864-1866 Stephen Miller Republican
19%
1925-1931 Theodore Christianson Republican
19%
1889-1893 William R. Merriam Republican
19%
1909-1915 Adolph O. Eberhart Republican
13%
1887-1889 Andrew R. McGill Republican
13%
1895-1899 D.M. Clough Republican
13%
1921-1925 J.A.O. Preus Republican
13%
1882-1887 Lucius F. Hubbard Republican
13%
1947-1951 Luther W. Youngdahl Republican
13%
1866-1870 William R. Marshall Republican
13%
1915 Winfield S. Hammond Democratic
13%
1901-1905 Samuel R. Van Sant Republican
6%
No matching quizzes found
Score Distribution
Percent of People with Each Score
Percentile by Number Answered
Your Score History
You have not taken this quiz